000 00872nmm a2200277 a 4500
001 ocm0001256699
003 TR-IsHL
005 20201028160218.0
008 150709s2015 tu tur
007 cr cn
020 _a9789753550536
035 _a1256699
_b(N$T)
050 0 4 _aPL248.Ö93
_bC2 2015
090 0 4 _aPL248.Ö93
_bC2 2015
100 1 _aÖzdenören, Rasim
245 1 0 _aÇarpılmışlar
_h[electronic resource] /
_cRasim Özdenören
250 _a7. basım
260 _aİstanbul :
_bİz Yayıncılık,
_c2015
300 _a157 p.
650 4 _aDil ve Edebiyat
650 4 _aLanguage and Literature
650 0 _aKısa hikayeler, Türk
650 0 _aShort story, Turkish
650 7 _aLITERARY COLLECTIONS / Middle Eastern
_2bisacsh
856 4 0 _uhttp://search.ebscohost.com/login.aspx?direct=true&scope=site&db=e011xww&AN=1256699
999 _c13485
_d13485